000 00437nam a2200157Ia 4500
008 151213s9999 xx 000 0 und d
100 _aGilbart A.Churchill,Jr
245 _aMarketing Research Methodological Foundations
_cGilbart A.Churchill,Jr
250 _a6th
260 _aNew York
_bThe Dryden Press
_c1995
300 _a2830 p.
650 _aMarketing
650 _aMarketing
700 _aGilbart A.Churchill,Jr
999 _c1940
_d1940